000 00795nam a22003010a 4500
001 PT60918
003 AR-LpoUNG
005 20210201010521.0
008 201001s2011||||ag |||||||||||||||||spa d
020 _a9789501111460
_c$3
040 _aAR-LpoUNG
_bspa
_eaacr
041 _aspa
044 _aag
082 0 _a808.068 3 332jag
100 1 _aMariño, Ricardo
245 1 3 _aEl jaguar enamorado
250 _a1ra. ed., 2da. reimpr.
260 _aBuenos Aires :
_bSigmar,
_c2011.
300 _a32 p. :
_bil.
_3Impreso
505 0 _aSugerido a partir de 8 años (etiqueta CELESTE)
650 4 _aCUENTOS
650 4 _aLITERATURA
651 4 _aDOCUMENTOS TEORICOS O METODOLOGICOS
653 _aLITERATURA INFANTIL
700 1 _aHilb, Nora
_eil.
905 _a60918
942 _cLIB
999 _c51641
_d51641